| 000 | 00536nam a2200169Ia 4500 | ||
|---|---|---|---|
| 999 |
_c20689 _d20689 |
||
| 082 | _aTV.0080 | ||
| 100 | _aVenkateswara Rao, R. | ||
| 245 | 0 | _aStandardization of test of literary creativity in Telugu for students of secondary schools | |
| 260 |
_c1982 _bOsmania University |
||
| 300 | _a283p. + C D - 52 | ||
| 650 | _aCreativity in literature | ||
| 650 |
_aHigh school students _zAndhra Pradesh |
||
| 650 | _aTelugu literature | ||
| 650 | _aCreative writing (Secondary education) | ||
| 710 | _aMalla Reddy, M. | ||
| 942 |
_cTH _2ddc |
||